000 01192cam a2200301 i 4500
001 30756
003 Mx-PuUPA
005 20231020105505.0
008 140415s1958 sp a gr 000 0 spa d
040 _cMx-PuUPA
_aMx-PuUPA
_bspa
_dMx-PuUPA
_erda
041 0 _aspa
245 0 3 _aEl Nican Mopohua /
_cprologado por el P. Enrique Torroella ; nueva edición dividida en versículos con la traducción clásica de D. Primo Feliciano Velázquez
264 1 _aMéxico, D.F. :
_bBuena Prensa,
_c1958
300 _a59 páginas :
_bilustraciones ;
_c23 cm
336 _2rdacontent
_atexto
_btxt
337 _2rdamedia
_asin medio
_bn
338 _2rdacarrier
_avolumen
_bnc
500 _a"Flores Apparuerunt in terra nostra". -- Portada
600 0 4 _aNuestra Señora de Guadalupe
_xApariciones y milagros
_xHistoria
600 0 4 _aVirgen María
_xApariciones y milagros
_xHistoria
650 7 _2armarc
_aNahua
_xTraducción e interpretación
651 4 _aMéxico
_xHistoria
_xDocumentos
700 1 _aTorroella, Enrique,
_eprologuista
700 1 _aFeliciano Velázquez, Primo,
_etraductor
942 _2ddc
_cLI
_h232.917
_iN582
999 _c30756
_d30756